| 000 | 00670nam a2200193 i 4500 | ||
|---|---|---|---|
| 001 | 148353 | ||
| 003 | ES-MaACL | ||
| 005 | 20240228213522.0 | ||
| 007 | t| | ||
| 008 | 070214s1983 sp |||| | spa d | ||
| 100 | 1 |
_aStradling, R. A. _9221347 |
|
| 245 | 1 | 0 |
_aEuropa y el declive de la estructura imperial española _b: 1580-1720 / _cR. A. Stradling ; traducción de Jesús Fernández Zulaica. |
| 260 |
_aMadrid : _bCátedra, _c1983. |
||
| 300 |
_a276 p. ; _c21 cm. |
||
| 651 | 4 |
_aEspaña- _xHistoria- _y1516-1700, Casa de Austria _98228 |
|
| 700 | 1 |
_aFernández Zulaica, Jesús. _950198 |
|
| 852 |
_aES-MaACL _jG-1875 _bR.114231 |
||
| 999 |
_c148353 _d148353 |
||